Estaciones de Jerusalén con estampas finas para servir de asunto de meditación sobre la pasión de N.S. Jesuchristo

Detalles Bibliográficos
Autor principal: PARVILLIERS
Formato: Libro
Publicado: Madrid 1780
Materias:
Colección:Banco de datos
Acervo:Biblioteca del Ex Convento de Nuestra Señora de Guadalupe. Zacatecas
Tema general:Ascética
Notas:Buena. XII,2,39 (4012)
LEADER 00740nam a22001930004500
035 |a 44868 
036 |a 6052 
100 1 |a PARVILLIERS 
245 1 0 |a Estaciones de Jerusalén con estampas finas para servir de asunto de meditación sobre la pasión de N.S. Jesuchristo  |c tr. Benito Aragonés 
260 |a Madrid  |b imp. Blas Román  |c 1780 
500 |a Buena. XII,2,39 (4012) 
650 1 0 |a Ascética 
949 |a CRZ-CG 
959 |a Ex convento de Nuestra Señora de Guadalupe, Museo Regional de Zacatecas, Zacatecas  |b CCC4 
960 |a Convento de Nuestra Señora de Guadalupe, Zacatecas  |b DD87 
961 |a Franciscana  |b OF 
942 |c CRZ-CG 
943 |g Biblioteca del Ex Convento de Nuestra Señora de Guadalupe. Zacatecas 
999 |c 968995  |d 968995